| 000 | 00742nam a22001935i 4500 | ||
|---|---|---|---|
| 001 | 157465 | ||
| 003 | ES-MaACL | ||
| 005 | 20230906210710.0 | ||
| 008 | 020703s1877 fr |||| | fre d | ||
| 100 | 1 |
_aLegoyt, A. _9128853 |
|
| 245 | 1 | 0 |
_aForces matérielles de l'Empire d'Allemagne d'après les documents officiels : _bpopulation, territoire, agriculture... / _cpar A. Legoyt. |
| 260 |
_aParis : _bE. Dentu, _c1877 ( _eBoulogne, Seine : _fImp. Jules Boyer) |
||
| 300 |
_aXX, 500 p. ; _c18 cm. |
||
| 651 | 4 |
_aAlemania- _xSituación económica- _yS.XIX. _9174118 |
|
| 651 | 4 |
_aAlemania- _xSituación social- _yS.XIX. _9174119 |
|
| 752 |
_aFrancia - _dParís |
||
| 752 |
_aFrancia - _dBoulogne |
||
| 852 | 4 |
_aES-MaACL _jF-10324 _z- Enc. pasta |
|
| 999 |
_c157465 _d157465 |
||